000 01761cam a2200373 i 4500
003 PE-LiUPU
005 20260217112335.0
008 2511 s2019 ag a rb 001 0 spa d
020 _a9789877019797
035 _aPE-LiUPU00079
040 _aPE-LiUPU
_bspa
_cPE-LiUPU
_erda
082 0 4 _a158.1
_bM521m
_223
090 _a158.1
_bM44m
100 1 _aMelgosa, Julián,
_eautor.
245 1 0 _aMente positiva :
_bcómo alcanzar la salud y el bienestar emocional /
_cJulián Melgosa.
250 _aPrimera edición.
264 1 _aFlorida, Buenos Aires :
_bAsociación Casa Editora Sudamericana,
_c2019.
264 3 _aImpreso en Argentina.
300 _a328 páginas :
_bilustraciones ;
_c25 cm
336 _atext
_2rdacontent
337 _aunmediated
_2rdamedia
338 _avolume
_2rdacarrier
500 _aDiseño del interior: Equipo de Editorial Safeliz.
500 _aIncluye bibliografía e índice alfabético.
505 _aAprendo a vivir -- Problemas centrados en el yo -- Mis problemas con los demás -- Cómo enfrentar situaciones (Resiliencia) -- Terapias.
520 _aObra de orientación psicológica que ofrece herramientas prácticas para alcanzar la salud mental y el bienestar emocional. Analiza problemas personales y sociales como ansiedad, depresión, adicciones, conflictos interpersonales y resiliencia, incorporando fundamentos teóricos y propuestas terapéuticas desde diversas corrientes psicológicas.
650 1 4 _aSalud mental.
650 2 4 _aPsicología aplicada.
650 2 4 _aBienestar emocional.
650 2 4 _aAutoayuda.
710 2 _aAsociación Casa Editora Sudamericana,
_eeditor.
942 _2ddc
_cBK
980 _618228
_aRebeca Esther Huerta Leyton
_818226
_gJaime Vilcazán Jefe de Análisis Documental
999 _c63253
_d63252